Taylor Swift - Compléter le nom des chansons #2 - Statistiques

Statistiques générales
  • Ce quiz a été pris 103 fois
  • Le résultat moyen est 18 sur 21
Statistiques - réponses
Hint Réponse % Correct
I Can Do It With A Broken Heart
98%
I Did Something Bad
97%
You Belong With Me
97%
Welcome to New York
95%
Speak Now
94%
Ilicit Affairs
92%
Anti Hero
92%
Back to December
91%
Ready For It
91%
End Game
90%
Coney Island
89%
Getaway Car
87%
Out Of The Woods
87%
Miss Americana & the Heartbreak Prince
85%
Mr. Perfectly Fine
83%
My Boy On Breaks His Favorite Toys
82%
Bigger Than The Whole Sky
80%
Tied Together With a Smile
77%
Stay Beautiful
76%
Better Man
74%
Sad Beautiful Tragic
68%
Aucun quiz correspondant
Distribution des résultats
% des personnes avec chaque résultat
Percentile par nombre de réponses
Votre historique - résultats
Vous n’avez pas pris ce quiz